[Event "NED-chT 0607"]
[Site "Netherlands"]
[Date "2007.05.13"]
[Round "9.5"]
[White "Rogers, Ian"]
[Black "Hendriks, Willy"]
[Result "1-0"]
[WhiteElo "2548"]
[BlackElo "2426"]
[PlyCount "83"]
[EventDate "2006.09.23"]
[EventType "team-tourn"]
[EventRounds "9"]
[EventCountry "NED"]
[SourceTitle "EXT 2008"]
[Source "ChessBase"]
[SourceDate "2007.11.25"]
[SourceVersion "1"]
[SourceVersionDate "2007.11.25"]
[SourceQuality "1"]
[WhiteTeam "Hilversum HSG"]
[BlackTeam "Nijmegen"]
[WhiteTeamCountry "NED"]
[BlackTeamCountry "NED"]

1. d4 c5 2. d5 d6 3. e4 Nf6 4. Nc3 e6 5. Nf3 Be7 6. Bb5+ Bd7 7. dxe6 fxe6 8. e5 dxe5 9. Nxe5 Bxb5 10. Qxd8+ Bxd8 11. Nxb5 Nbd7 12. Nc4 0-0 13. a4 a6 14. Nbd6 b6 15. 0-0 Nd5 16. Re1 Nb4 17. Re2 Bc7 18. Ne4 b5 19. Na3 c4 20. Be3 Be5 21. Rb1 Nd5 22. g3 Rfb8 23. c3 Bf6 24. Rd1 Be7 25. Nc2 bxa4 26. Nd4 a3 27. bxa3 N7f6 28. Bd2 Rb2 29. a4 Ra2 30. Ng5 Rxa4 31. Rxe6 Bc5 32. Nf5 Rf8 33. Rc6 Bxf2+ 34. Kxf2 Ng4+ 35. Kf3 h5 36. Bf4 Nxh2+ 37. Kg2 Nxf4+ 38. gxf4 Ra2+ 39. Kh3 Rxf5 40. Rd8+ Rf8 41. Rcc8 Rxd8 42. Rxd8# 1-0

[Event "BCF-chT 0607 (4NCL)"]
[Site "Sunningdale"]
[Date "2007.05.05"]
[Round "9.2"]
[White "Pert, Richard G"]
[Black "Rogers, Ian"]
[Result "1/2-1/2"]
[WhiteElo "2455"]
[BlackElo "2513"]
[PlyCount "48"]
[EventDate "2006.09.16"]
[EventType "team"]
[EventRounds "11"]
[EventCountry "ENG"]
[SourceTitle "EXT 2008"]
[Source "ChessBase"]
[SourceDate "2007.11.25"]
[SourceVersion "1"]
[SourceVersionDate "2007.11.25"]
[SourceQuality "1"]
[WhiteTeam "Betsson.com"]
[BlackTeam "The ADS"]
[WhiteTeamCountry "ENG"]
[BlackTeamCountry "ENG"]

1. d4 Nf6 2. Bg5 e6 3. e4 c5 4. d5 h6 5. Bxf6 Qxf6 6. Nc3 a6 7. Nf3 d6 8. a4 Nd7 9. Be2 Be7 10. 0-0 0-0 11. Nd2 e5 12. a5 g6 13. Nc4 Qg5 14. Ra3 Nf6 15. Bf3 h5 16. Na4 Bg4 17. Nab6 Rad8 18. Qd2 Nh7 19. Bd1 Qxd2 20. Nxd2 Bxd1 21. Rxd1 f5 22. exf5 gxf5 23. f4 e4 24. Ndc4 Nf6 1/2-1/2

[Event "Sydney op"]
[Site "Parramatta"]
[Date "2007.04.13"]
[Round "6"]
[White "Antic, Dejan"]
[Black "Rogers, Ian"]
[Result "1/2-1/2"]
[WhiteElo "2443"]
[BlackElo "2526"]
[PlyCount "52"]
[EventDate "2007.04.10"]
[EventType "swiss"]
[EventRounds "9"]
[EventCountry "AUS"]
[SourceTitle "CBM 117 Extra"]
[Source "ChessBase"]
[SourceDate "2007.05.09"]
[SourceVersion "1"]
[SourceVersionDate "2007.05.09"]
[SourceQuality "1"]

1. d4 Nf6 2. c4 e6 3. Nf3 d5 4. Nc3 Bb4 5. Bg5 Nbd7 6. cxd5 exd5 7. Qc2 0-0 8. a3 Be7 9. e3 c6 10. Bd3 Re8 11. 0-0 Nf8 12. b4 a6 13. h3 g6 14. Rab1 Ne6 15. Bxf6 Bxf6 16. a4 Ng7 17. b5 a5 18. bxc6 bxc6 19. Ne2 Qd6 20. Nc1 Bd7 21. Nb3 Ne6 22. Rfc1 Reb8 23. Nc5 Nxc5 24. Rxb8+ Qxb8 25. Qxc5 Qb4 26. Qxb4 axb4 1/2-1/2

[Event "Sydney op"]
[Site "Parramatta"]
[Date "2007.04.12"]
[Round "5"]
[White "Rogers, Ian"]
[Black "Chandler, Murray G"]
[Result "1-0"]
[WhiteElo "2526"]
[BlackElo "2548"]
[PlyCount "97"]
[EventDate "2007.04.10"]
[EventType "swiss"]
[EventRounds "9"]
[EventCountry "AUS"]
[SourceTitle "CBM 117 Extra"]
[Source "ChessBase"]
[SourceDate "2007.05.09"]
[SourceVersion "1"]
[SourceVersionDate "2007.05.09"]
[SourceQuality "1"]

1. e4 c5 2. Nf3 d6 3. d4 Nf6 4. Nc3 cxd4 5. Nxd4 Nc6 6. Bg5 e6 7. Qd2 a6 8. 0-0-0 Bd7 9. f4 h6 10. Bxf6 Qxf6 11. Nf3 Qd8 12. Kb1 Qc7 13. h4 0-0-0 14. Rh3 Kb8 15. g4 Bc8 16. h5 g6 17. hxg6 fxg6 18. Nh4 Rg8 19. f5 gxf5 20. gxf5 d5 21. exd5 exf5 22. Rd3 Ne5 23. d6 Qb6 24. Rd5 Bg7 25. Na4 Qc6 26. Nc5 Bf6 27. Ng2 Nd7 28. Ne6 Rde8 29. Ngf4 Rg1 30. c4 Ne5 31. Nd4 Qd7 32. c5 Nc6 33. Nxc6+ bxc6 34. Rd3 Re4 35. Rb3+ Ka7 36. Nd3 f4 37. Bg2 Rxd1+ 38. Qxd1 Rd4 39. Qf3 Bb7 40. a3 a5 41. Ka1 Ba6 42. Bh3 Qe8 43. d7 Qe4 44. Nf2 Qe1+ 45. Ka2 Bc4 46. Qxc6 Bxb3+ 47. Kxb3 Bd8 48. Bg2 a4+ 49. Ka2 1-0

[Event "Australian op"]
[Site "Tuggeranong"]
[Date "2007.01.04"]
[Round "7"]
[White "Antic, Dejan"]
[Black "Rogers, Ian"]
[Result "1-0"]
[WhiteElo "2437"]
[BlackElo "2526"]
[PlyCount "89"]
[EventDate "2006.12.28"]
[EventType "swiss"]
[EventRounds "11"]
[EventCountry "AUS"]
[SourceTitle "CBM 116 Extra"]
[Source "ChessBase"]
[SourceDate "2007.03.07"]
[SourceVersion "1"]
[SourceVersionDate "2007.03.07"]
[SourceQuality "1"]

1. d4 Nf6 2. c4 c5 3. d5 b5 4. cxb5 a6 5. bxa6 g6 6. Nc3 Bxa6 7. g3 d6 8. Nf3 Bg7 9. Bg2 Nbd7 10. 0-0 Nb6 11. Re1 0-0 12. e4 Nfd7 13. Bf1 Nc4 14. Bxc4 Bxc4 15. Bf4 Bxc3 16. bxc3 f6 17. Nd2 Ba6 18. Bh6 Rf7 19. f4 Nb6 20. a4 Nd7 21. a5 c4 22. Nf3 Nc5 23. Nd4 Qd7 24. f5 Nd3 25. Rf1 gxf5 26. Nxf5 Kh8 27. Qh5 Ne5 28. Rfb1 Bc8 29. a6 Qc7 30. Be3 Rxa6 31. Rxa6 Bxa6 32. Ra1 Bb7 33. Bf4 Rf8 34. Ra7 Ng6 35. Qd1 Rb8 36. Qa4 Kg8 37. h4 Kf7 38. Kh2 h5 39. Qd1 Rh8 40. Qf3 Qb8 41. Nxe7 Ne5 42. Bxe5 Qxa7 43. Qxf6+ Ke8 44. Qxh8+ Kd7 45. Qxh5 1-0

[Event "Hoogeveen Essent op"]
[Site "Hoogeveen"]
[Date "2006.10.26"]
[Round "7"]
[White "Cheparinov, Ivan"]
[Black "Rogers, Ian"]
[Result "1-0"]
[WhiteElo "2632"]
[BlackElo "2526"]
[PlyCount "67"]
[EventDate "2006.10.21"]
[EventType "swiss"]
[EventRounds "9"]
[EventCountry "NED"]
[SourceTitle "EXT 2007"]
[Source "ChessBase"]
[SourceDate "2006.11.23"]
[SourceVersion "1"]
[SourceVersionDate "2006.11.23"]
[SourceQuality "1"]

1. e4 e5 2. Nf3 Nc6 3. Bb5 a6 4. Ba4 d6 5. 0-0 Bd7 6. c3 g6 7. d4 Bg7 8. Re1 Nge7 9. d5 Nb8 10. Bxd7+ Nxd7 11. Be3 h6 12. Nfd2 f5 13. f3 f4 14. Bf2 g5 15. c4 h5 16. Nc3 Ng6 17. Rc1 Bf8 18. b4 Be7 19. c5 dxc5 20. d6 cxd6 21. Nc4 Nf6 22. Nd5 0-0 23. Ncb6 Rb8 24. bxc5 Ne8 25. Qb3 Rf7 26. Nxe7+ Nxe7 27. cxd6 Nc6 28. Red1 Kg7 29. d7 Nf6 30. Bc5 Nxd7 31. Qxf7+ Kxf7 32. Rxd7+ Qxd7 33. Nxd7 Rd8 34. Rd1 1-0

[Event "Kuala Lumpur op 3rd"]
[Site "Kuala Lumpur"]
[Date "2006.08.26"]
[Round "10"]
[White "Rogers, Ian"]
[Black "Bitoon, Richard"]
[Result "0-1"]
[WhiteElo "2548"]
[BlackElo "2433"]
[PlyCount "156"]
[EventDate "2006.08.21"]
[EventType "swiss"]
[EventRounds "11"]
[EventCountry "MAS"]
[SourceTitle "CBM 114 Extra"]
[Source "ChessBase"]
[SourceDate "2006.11.03"]
[SourceVersion "1"]
[SourceVersionDate "2006.11.03"]
[SourceQuality "1"]

1. d4 Nf6 2. Bg5 d5 3. Bxf6 exf6 4. e3 Bd6 5. c4 dxc4 6. Bxc4 0-0 7. Nc3 c6 8. Nf3 Nd7 9. 0-0 f5 10. Re1 Nf6 11. Ne5 Qe7 12. f4 g6 13. h3 Kg7 14. Qc2 Bd7 15. Rad1 Rad8 16. a3 Bc8 17. Ba2 Bc7 18. Kh2 Ne4 19. Bb1 f6 20. Nd3 Rfe8 21. b4 Bb8 22. Kg1 h5 23. Nf2 Ng3 24. Qc1 h4 25. Qd2 a5 26. Na4 axb4 27. axb4 Bd6 28. Nd3 Be6 29. Ndc5 Bd5 30. Nb6 Bf7 31. Nba4 Rb8 32. Rc1 b6 33. Nd3 Bb3 34. Bc2 Bd5 35. Rb1 Ba2 36. Ra1 Bc4 37. Nab2 Ne4 38. Qc1 Bd5 39. Na4 Bc4 40. Nab2 Bd5 41. Na4 Rec8 42. Qa3 Kh6 43. Bb3 Bxb3 44. Qxb3 c5 45. bxc5 bxc5 46. Qc4 cxd4 47. Qxd4 Bb4 48. Nxb4 Rxb4 49. Qd5 Rd8 50. Qc6 Rbb8 51. Nb6 Rd6 52. Nc8 Rxc6 53. Nxe7 Rc7 54. Nd5 Rc5 55. Rad1 Rc2 56. Kh2 Nd2 57. Nxf6 Nf3+ 58. Kh1 Nxe1 59. Rxe1 Rbb2 60. Rg1 Re2 61. Nd5 Rbd2 62. Nb6 Rd3 63. Nc4 Rc3 64. Ne5 Rcxe3 65. Kh2 Rf2 66. Nf7+ Kg7 67. Ng5 Rxf4 68. Ra1 Re7 69. Ra6 Rb4 70. Ne6+ Kh6 71. Nf8 Rg7 72. Rc6 Re4 73. Ne6 Rf7 74. Nd8 Rfe7 75. Rc3 Re1 76. Rc6 Rd7 77. Re6 Rc1 78. Re8 Rdd1 0-1

[Event "Kuala Lumpur op 3rd"]
[Site "Kuala Lumpur"]
[Date "2006.08.21"]
[Round "1"]
[White "Rogers, Ian"]
[Black "Ton That Nhu, Tung"]
[Result "1-0"]
[WhiteElo "2548"]
[BlackElo "2230"]
[PlyCount "51"]
[EventDate "2006.08.21"]
[EventType "swiss"]
[EventRounds "11"]
[EventCountry "MAS"]
[SourceTitle "CBM 114 Extra"]
[Source "ChessBase"]
[SourceDate "2006.11.03"]
[SourceVersion "1"]
[SourceVersionDate "2006.11.03"]
[SourceQuality "1"]

1. e4 e6 2. d4 d5 3. Nc3 Nf6 4. e5 Nfd7 5. Nf3 c5 6. dxc5 Bxc5 7. Bd3 Nc6 8. Bf4 a6 9. 0-0 b5 10. Re1 Qb6 11. Qe2 Nd4 12. Nxd4 Bxd4 13. Nd1 Bb7 14. c3 Bc5 15. b4 Be7 16. Be3 Qc7 17. Bd4 Nb6 18. Ne3 Rd8 19. Qg4 g6 20. Qh3 Nc4 21. Ng4 h5 22. Nf6+ Bxf6 23. exf6 Qf4 24. Rxe6+ Kf8 25. Re7 Bc8 26. Qg3 1-0

[Event "Kuala Lumpur op 3rd"]
[Site "Kuala Lumpur"]
[Date "2006.08.21"]
[Round "2"]
[White "Sadorra, Julio Catalino"]
[Black "Rogers, Ian"]
[Result "0-1"]
[WhiteElo "2351"]
[BlackElo "2548"]
[PlyCount "110"]
[EventDate "2006.08.21"]
[EventType "swiss"]
[EventRounds "11"]
[EventCountry "MAS"]
[SourceTitle "CBM 114 Extra"]
[Source "ChessBase"]
[SourceDate "2006.11.03"]
[SourceVersion "1"]
[SourceVersionDate "2006.11.03"]
[SourceQuality "1"]

1. Nf3 d5 2. d4 Nf6 3. c4 e6 4. Nc3 Bb4 5. Bg5 Nbd7 6. cxd5 exd5 7. Qc2 c5 8. dxc5 Qa5 9. Bd2 Bxc5 10. Ne4 Bb4 11. Nd6+ Ke7 12. Nf5+ Kf8 13. Rc1 g6 14. N5d4 Ne4 15. a3 Nxd2 16. Nxd2 Be7 17. g3 Nf6 18. Bg2 Bd7 19. 0-0 Rc8 20. Qd3 Kg7 21. e3 Rxc1 22. Rxc1 Rc8 23. Rxc8 Bxc8 24. Nb1 Qe1+ 25. Qf1 Qxf1+ 26. Bxf1 Ne4 27. f3 Bg5 28. Nc2 Nd6 29. h4 Bf6 30. Nc3 Nf5 31. Bh3 Nxe3 32. Bxc8 Nxc2 33. Nd1 b6 34. Kf2 Nd4 35. Ke3 Ne6 36. b4 Kf8 37. Bb7 Nc7 38. Kd3 Ke7 39. a4 Be5 40. f4 Bd6 41. Kc3 Ke6 42. Bc8+ Kf6 43. Ne3 d4+ 44. Kxd4 Bxb4 45. Ke4 Be1 46. Kf3 Ne6 47. Nd5+ Kg7 48. Bd7 Nc5 49. Bb5 f5 50. Ne7 Kf6 51. Nc8 a6 52. Bc6 Ba5 53. Nd6 Ne6 54. Bb7 Bb4 55. Ne8+ Ke7 0-1

[Event "Gold Coast op"]
[Site "Gold Coast"]
[Date "2006.06.25"]
[Round "5"]
[White "Rogers, Ian"]
[Black "Humphrey, Jonathan"]
[Result "1-0"]
[WhiteElo "2564"]
[BlackElo "2179"]
[PlyCount "53"]
[EventDate "2006.06.24"]
[EventType "swiss"]
[EventRounds "7"]
[EventCountry "AUS"]
[SourceTitle "EXT 2010"]
[Source "ChessBase"]
[SourceDate "2010.11.25"]
[SourceVersion "1"]
[SourceVersionDate "2010.11.25"]
[SourceQuality "1"]

1. e4 g6 2. d4 Bg7 3. c4 d6 4. Nc3 e5 5. dxe5 dxe5 6. Qxd8+ Kxd8 7. f4 Nc6 8. Nf3 Be6 9. Be3 Nf6 10. g3 Kc8 11. Ng5 Re8 12. Nxe6 fxe6 13. Bh3 h5 14. 0-0-0 b6 15. f5 gxf5 16. exf5 Ng4 17. Bxg4 hxg4 18. Rhf1 exf5 19. Rxf5 Rf8 20. Rxf8+ Bxf8 21. Ne4 Na5 22. b3 Ba3+ 23. Kb1 Kb7 24. Nf6 Rf8 25. Nxg4 Rf3 26. Kc2 Nc6 27. Kd3 1-0

[Event "Gold Coast op"]
[Site "Gold Coast"]
[Date "2006.06.24"]
[Round "1"]
[White "Rogers, Ian"]
[Black "Weller, Tony"]
[Result "1-0"]
[WhiteElo "2564"]
[BlackElo "1782"]
[PlyCount "101"]
[EventDate "2006.06.24"]
[EventType "swiss"]
[EventRounds "7"]
[EventCountry "AUS"]
[SourceTitle "EXT 2010"]
[Source "ChessBase"]
[SourceDate "2010.11.25"]
[SourceVersion "1"]
[SourceVersionDate "2010.11.25"]
[SourceQuality "1"]

1. e4 c5 2. Nf3 e6 3. d4 cxd4 4. Nxd4 Bc5 5. Nb3 Bb6 6. Bd3 Nc6 7. 0-0 Nge7 8. Kh1 0-0 9. Nc3 Ne5 10. Be2 f5 11. f4 N5g6 12. e5 a6 13. Nd2 Bc7 14. Nc4 b5 15. Nd6 Bxd6 16. Qxd6 Bb7 17. Be3 Nh4 18. Rf2 Nd5 19. Nxd5 Bxd5 20. Rd1 Bc6 21. Kg1 Rc8 22. c3 Qc7 23. Qxc7 Rxc7 24. Bc5 Re8 25. Bd6 Rcc8 26. g3 Ng6 27. Bh5 Be4 28. Rfd2 Bd5 29. a3 Rc6 30. Rxd5 exd5 31. Bf3 Rxd6 32. exd6 Kf8 33. Kf2 Nh8 34. Bxd5 Nf7 35. Bb3 Nd8 36. a4 g6 37. axb5 axb5 38. Rd5 Nb7 39. h3 Ra8 40. g4 fxg4 41. hxg4 Ra6 42. Rxb5 Nxd6 43. Rb8+ Ke7 44. g5 Ne4+ 45. Ke3 Nc5 46. Bg8 Rd6 47. Bxh7 Rd3+ 48. Ke2 Rd6 49. Bg8 Ne6 50. Bxe6 Rxe6+ 51. Kf3 1-0

[Event "Olympiad-37"]
[Site "Turin"]
[Date "2006.06.04"]
[Round "13"]
[White "Rogers, Ian"]
[Black "Granda Zuniga, Julio E"]
[Result "1-0"]
[WhiteElo "2564"]
[BlackElo "2631"]
[PlyCount "109"]
[EventDate "2006.05.21"]
[EventType "team-swiss"]
[EventRounds "13"]
[EventCountry "ITA"]
[SourceTitle "CBM 113"]
[Source "ChessBase"]
[SourceDate "2006.07.31"]
[SourceVersion "1"]
[SourceVersionDate "2006.07.31"]
[SourceQuality "1"]
[WhiteTeam "Australia"]
[BlackTeam "Peru"]
[WhiteTeamCountry "AUS"]
[BlackTeamCountry "PER"]

1. d4 Nf6 2. Bg5 e6 3. e4 h6 4. Bxf6 Qxf6 5. c3 d6 6. Bd3 Qg6 7. Qf3 e5 8. Na3 Be7 9. Ne2 0-0 10. 0-0 Qg5 11. Qg3 c6 12. Nc4 Nd7 13. Rad1 Nb6 14. Ne3 Be6 15. a3 Rae8 16. f4 exf4 17. Qxf4 Qxf4 18. Nxf4 Bb3 19. Rde1 g6 20. Rf2 Bd8 21. g3 h5 22. h4 a5 23. Kg2 a4 24. Kf3 Kg7 25. Ke2 Rh8 26. Kd2 Nd7 27. Nc4 Bc7 28. Ref1 Rhf8 29. Kc1 Bxc4 30. Bxc4 Re7 31. Ne2 b5 32. Ba2 Nb6 33. Rf3 Nc4 34. Bb1 f6 35. Nf4 Kh6 36. Bd3 Bd8 37. Rg1 g5 38. Ng2 Ree8 39. Rgf1 Kg7 40. Bxc4 bxc4 41. Ne3 g4 42. Rf4 Bc7 43. d5 cxd5 44. Nxd5 Bd8 45. Rd1 Kg6 46. Ne3 Bc7 47. Rd5 Re5 48. Rxe5 dxe5 49. Rf1 Bb8 50. Rd1 Kf7 51. Rd7+ Ke6 52. Rh7 Bd6 53. Nf5 Rd8 54. Rxh5 Bc5 55. Rh7 1-0

[Event "Olympiad-37"]
[Site "Turin"]
[Date "2006.06.02"]
[Round "11"]
[White "Mateo, Ramon"]
[Black "Rogers, Ian"]
[Result "1/2-1/2"]
[WhiteElo "2403"]
[BlackElo "2564"]
[PlyCount "88"]
[EventDate "2006.05.21"]
[EventType "team-swiss"]
[EventRounds "13"]
[EventCountry "ITA"]
[SourceTitle "CBM 113"]
[Source "ChessBase"]
[SourceDate "2006.07.31"]
[SourceVersion "1"]
[SourceVersionDate "2006.07.31"]
[SourceQuality "1"]
[WhiteTeam "Dominican Rep"]
[BlackTeam "Australia"]
[WhiteTeamCountry "DOM"]
[BlackTeamCountry "AUS"]

1. d4 e6 2. c4 Nf6 3. Nf3 c5 4. d5 b5 5. dxe6 fxe6 6. cxb5 Bb7 7. g3 Be7 8. Bh3 0-0 9. 0-0 Qe8 10. Bf4 Qh5 11. Bg2 d5 12. Nbd2 h6 13. h3 g5 14. g4 Qe8 15. Bg3 Qxb5 16. Qc2 Qe8 17. e4 Nc6 18. exd5 exd5 19. Rfe1 Qf7 20. Qb3 Bd8 21. Ne5 Nxe5 22. Rxe5 Bb6 23. Rf5 Rad8 24. Re1 Qd7 25. Nf3 c4 26. Qb4 Ne4 27. Ne5 Qd6 28. Rxf8+ Qxf8 29. Qxf8+ Kxf8 30. Bxe4 dxe4 31. Nxc4 Rd3 32. Kh2 Bd5 33. b3 Bd4 34. Re2 Rd1 35. Ne3 Bxe3 36. fxe3 Kg8 37. Be5 Bc6 38. Bd4 a6 39. Rf2 Bb5 40. a4 Bd3 41. b4 Rb1 42. Rb2 Rxb2+ 43. Bxb2 Kf7 44. Kg3 Kg6 1/2-1/2

[Event "Olympiad-37"]
[Site "Turin"]
[Date "2006.05.31"]
[Round "10"]
[White "Rogers, Ian"]
[Black "Rowson, Jonathan"]
[Result "1/2-1/2"]
[WhiteElo "2564"]
[BlackElo "2594"]
[PlyCount "27"]
[EventDate "2006.05.21"]
[EventType "team-swiss"]
[EventRounds "13"]
[EventCountry "ITA"]
[SourceTitle "CBM 113"]
[Source "ChessBase"]
[SourceDate "2006.07.31"]
[SourceVersion "1"]
[SourceVersionDate "2006.07.31"]
[SourceQuality "1"]
[WhiteTeam "Australia"]
[BlackTeam "Scotland"]
[WhiteTeamCountry "AUS"]
[BlackTeamCountry "SCO"]

1. e4 e5 2. Bc4 Nf6 3. Nc3 Nc6 4. d3 Na5 5. Qf3 d6 6. h3 Be6 7. Bxe6 fxe6 8. Nge2 Nc6 9. Be3 Be7 10. 0-0-0 0-0 11. Qg3 b5 12. Nxb5 d5 13. exd5 exd5 14. d4 1/2-1/2